State, authority and decentralization : (Record no. 38707)

MARC details
000 -LEADER
fixed length control field 00878nam a22002177a 4500
005 - DATE AND TIME OF LATEST TRANSACTION
control field 20100802144723.0
010 ## - LCCN (DPL NO)
LC control number ENG-97671
020 ## - INTERNATIONAL STANDARD BOOK NUMBER
International Standard Book Number 8178711559
Terms of availability 850.00
020 ## - INTERNATIONAL STANDARD BOOK NUMBER
International Standard Book Number 9788178711553
Terms of availability 850.00
035 ## - SYSTEM CONTROL NUMBER
System control number EN-81204
037 ## - SOURCE OF ACQUISITION
Source of stock number/acquisition DBAD/PUB
082 ## - DEWEY DECIMAL CLASSIFICATION NUMBER
Classification number 330.1260951
100 ## - MAIN ENTRY--PERSONAL NAME
Personal name Raman, G. Venkat
245 ## - TITLE STATEMENT
Title State, authority and decentralization :
Remainder of title a comparative study of Mao Zedong and Deng xiaoping's thoughts on development strategy /
Statement of responsibility, etc by G. Venkat Raman
260 ## - PUBLICATION, DISTRIBUTION, ETC. (IMPRINT)
Place of publication, distribution, etc Gurgaon
Name of publisher, distributor, etc Hope India Publications
Date of publication, distribution, etc 2008
270 ## - ADDRESS
Address 85, Sector 23
City Gurgaon
Postal code 122017
300 ## - PHYSICAL DESCRIPTION
Extent 329p.
Dimensions 22cm (Hb)
500 ## - GENERAL NOTE
General note Includes bibliographical references
942 ## - ADDED ENTRY ELEMENTS (KOHA)
Source of classification or shelving scheme Dewey Decimal Classification
Item type English Books
Classification part 330.1260951
Call number suffix RAM
Holdings
Withdrawn status Lost status Not for loan Collection code Home library Current library Date acquired Source of acquisition Cost, normal purchase price Full call number Barcode Copy number Cost, replacement price Koha item type
    Not For Loan Non-fiction D.B.Act.Division D.B.Act.Division 02/08/2010 DBAD/PUB 850.00 330.1260951 RAM EN-81204 1 850.00 English Books

© Delhi Public Library
Hit Counter
free hit counter